| 000 | 00663nam a2200181 a 4500 | ||
|---|---|---|---|
| 008 | 120416s1979 ||||||||||||||||| || u | ||
| 020 | _a0070634955 | ||
| 050 | _aTK 5101 Tem | ||
| 100 | _aTemes, Lloyd | ||
| 245 | 1 | 0 | _aSchaum's outline of theory and problems of electronic communication |
| 260 |
_aNew York : _bMcGraw-Hill _c1979 |
||
| 300 | _a138 p. : ill. | ||
| 350 | _a0.00 | ||
| 500 | _aCover title: Theory and problems of electronic communication. | ||
| 650 | 0 | _aELECTRONICS | |
| 650 | _aTELECOMMUNICATION | ||
| 995 |
_D0.00 _FCBU-MAIN LIBRARY (Kitwe) _H1 _I3.95 _UDAMAGED _ZMain Library Open Access Collection |
||
| 999 |
_c57023 _d57023 |
||